<?xml version="1.0" encoding="UTF-8"?>
<collection xmlns="http://www.loc.gov/MARC21/slim">
 <record>
  <leader>02601cam a2200277 7i4500</leader>
  <controlfield tag="001">0000057688</controlfield>
  <controlfield tag="005">20230726090000.0</controlfield>
  <controlfield tag="007">  Dissertations</controlfield>
  <controlfield tag="008">210414              eng</controlfield>
  <datafield tag="040" ind1=" " ind2=" ">
   <subfield code="a">TSAM Library</subfield>
  </datafield>
  <datafield tag="090" ind1="0" ind2="0">
   <subfield code="a">TJ145 </subfield>
   <subfield code="b">CHO 2019</subfield>
  </datafield>
  <datafield tag="100" ind1="1" ind2="1">
   <subfield code="a">Choo, Li Rong </subfield>
   <subfield code="e">author </subfield>
  </datafield>
  <datafield tag="245" ind1="1" ind2="4">
   <subfield code="a">The Performance of Bamboo As Steel Bar Replacement in Concrete Beam  </subfield>
   <subfield code="c">Choo Li Rong.</subfield>
  </datafield>
  <datafield tag="264" ind1=" " ind2="1">
   <subfield code="a">Nilai: </subfield>
   <subfield code="b">INTI International University, </subfield>
   <subfield code="c">January 2019.</subfield>
  </datafield>
  <datafield tag="300" ind1=" " ind2=" ">
   <subfield code="a">xi, 42 pages: </subfield>
   <subfield code="b">illustrations, colors; </subfield>
   <subfield code="c">30 cm.</subfield>
  </datafield>
  <datafield tag="336" ind1=" " ind2=" ">
   <subfield code="a">text</subfield>
   <subfield code="2">rdacontent</subfield>
  </datafield>
  <datafield tag="337" ind1=" " ind2=" ">
   <subfield code="a">unmediated</subfield>
   <subfield code="2">rdamedia</subfield>
  </datafield>
  <datafield tag="338" ind1=" " ind2=" ">
   <subfield code="a">volume</subfield>
   <subfield code="2">rdacarrier</subfield>
  </datafield>
  <datafield tag="500" ind1="0" ind2="0">
   <subfield code="a">B.Eng (Hons) in Civil Engineering January 2019</subfield>
  </datafield>
  <datafield tag="500" ind1="0" ind2="0">
   <subfield code="a">BCEGI 67</subfield>
  </datafield>
  <datafield tag="501" ind1="0" ind2="0">
   <subfield code="a">FEQS-Civil January 2019</subfield>
  </datafield>
  <datafield tag="501" ind1="0" ind2="0">
   <subfield code="a">Nowadays, the demand of steel is increasing for developing countries especially in our country, Malaysia. Steel as main raw material in construction, the cost and the process of making steel is the main consideration. High demand of steel has brought critical issues to damaging our environmental and the cost of steel keep increasing. Through this, find a new raw material to replace steel in construction is a necessity for current stage. Bamboo is a potential material which can replace steel bar in construction. Bamboo can easily solve the problem of high cost and environmental damage during process. Tensile strength and durability of bamboo will be show in this research. This research will focus on Tensile Test and Flexural Test to determine could the bamboo sticks replace steel bar in reinforced concrete beam. Tensile Test will test on 10mm bamboo sticks and R10 steel bar to compare their tensile strength. Total nine Grade 30 concrete cubes will be test by Compression Test on day 7, 14 and 28. Three bamboo reinforced concrete beam and three steel reinforced concrete beam will be test by Flexural Test on day28. T10 steel bar acts as longitudinal bar and R6 steel bar act as links in steel reinforced concrete beam, 10mm bamboo act as longitudinal bar and 6mm bamboo slats act as links in bamboo steel reinforced concrete beam. Several conclusion and valid recommendation are made based on the in depth analysis of results to further improve the studies.</subfield>
  </datafield>
  <datafield tag="502" ind1="0" ind2="0">
   <subfield code="a">Being a project report submitted to INTI International University as a requirements for Bachelor Of Engineering (Hons) in Civil Engineering January 2019 under the managment and supervision of Faculty of Engineering &amp; Quantity Surveying, INTI International University</subfield>
  </datafield>
  <datafield tag="650" ind1="0" ind2="0">
   <subfield code="a">Dissertations, academic -- </subfield>
   <subfield code="x">Engineering </subfield>
  </datafield>
  <datafield tag="650" ind1="0" ind2="0">
   <subfield code="a">Civil Engineering </subfield>
  </datafield>
  <datafield tag="650" ind1="0" ind2="0">
   <subfield code="a">BCEGI </subfield>
  </datafield>
 </record>
</collection>
